[Event "11th EUR-ch"]
[Site "Rijeka CRO"]
[Date "2010.03.06"]
[Round "1"]
[White "Civric, Zdravko"]
[Black "Sulskis, Sarunas"]
[Result "0-1"]
[WhiteElo "2207"]
[BlackElo "2572"]
[EventDate "2010.03.06"]
[PlyCount "71"]

1.e4 Nf6 2.e5 Nd5 3.d4 d6 4.Nf3 g6 5.c4 Nb6 6.h3 dxe5 7.Nxe5 Bg7 8.Bf4 c5 
9.d5 O-O 10.Nc3 e6 11.d6 N6d7 12.Nxd7 Bxd7 13.Qd2 Nc6 14.Bh6 Bxh6 15.Qxh6 
f5 16.h4 Qf6 17.O-O-O Rad8 18.Rh3 Nd4 19.Rg3 Be8 20.Bd3 Qg7 21.Qd2 e5 22.
h5 e4 23.hxg6 Bxg6 24.Be2 Rxd6 25.Nd5 f4 26.Ra3 b5 27.Rh1 Kh8 28.Rah3 bxc4
29.Bxc4 Qe5 30.Qa5 Rxd5 31.Qxa7 h5 32.Bxd5 Qxd5 33.Qe7 Rf7 34.Qe8+ Kg7 35.
Ra3 e3 36.Rd1 0-1

[Event "11th EUR-ch"]
[Site "Rijeka CRO"]
[Date "2010.03.06"]
[Round "1"]
[White "Ruck, Robert"]
[Black "Sheskin, Matan"]
[Result "1-0"]
[WhiteElo "2570"]
[BlackElo "2207"]
[EventDate "2010.03.06"]
[PlyCount "95"]

1.Nf3 d5 2.d4 c6 3.c4 dxc4 4.e3 Be6 5.Qc2 b5 6.Ng5 Qd7 7.Nxe6 Qxe6 8.a4 
Na6 9.axb5 cxb5 10.Bxc4 bxc4 11.Qa4+ Qd7 12.Qxa6 h5 13.O-O Rh6 14.Qxc4 Rg6
15.Qa4 O-O-O 16.f3 Qxa4 17.Rxa4 Kb7 18.Nd2 Nh6 19.Nc4 Ra6 20.Rxa6 Kxa6 21.
Bd2 Kb5 22.b3 e6 23.Ra1 Bb4 24.Na3+ Bxa3 25.Rxa3 Rc8 26.e4 Kb6 27.Kf1 a6 
28.Ke2 Rc2 29.Kd1 Rc6 30.Ra4 f5 31.Rb4+ Kc7 32.Bf4+ Kd8 33.Rb8+ Ke7 34.
Rb7+ Kf8 35.d5 exd5 36.exd5 Rg6 37.d6 Re6 38.Rb8+ Re8 39.Rb6 Nf7 40.Rxa6 
Rd8 41.h4 Ke8 42.Kd2 Kd7 43.b4 Ke6 44.Kd3 Rd7 45.Kd4 Nh8 46.b5 Ng6 47.g3 
Ne7 48.Kc5 1-0

[Event "11th EUR-ch"]
[Site "Rijeka CRO"]
[Date "2010.03.06"]
[Round "1"]
[White "Kostanjsek, Zorko"]
[Black "Sedlak, Nikola"]
[Result "0-1"]
[WhiteElo "2204"]
[BlackElo "2570"]
[EventDate "2010.03.06"]
[PlyCount "104"]

1.c4 Nf6 2.g3 g6 3.Nc3 d5 4.cxd5 Nxd5 5.Bg2 Nb6 6.h4 Bg7 7.h5 O-O 8.d3 
N8d7 9.hxg6 hxg6 10.Nh3 Nf6 11.a4 c6 12.a5 Nbd5 13.Bd2 Bg4 14.Ra4 b5 15.
Ra1 b4 16.Nxd5 Nxd5 17.Qc1 Qd6 18.Bh6 Qe5 19.e4 Bxh6 20.Qxh6 Qxb2 21.O-O 
Nc3 22.Rfe1 Ne2+ 23.Kf1 Qf6 24.e5 Qxe5 25.Ng5 Qg7 26.Qh4 Bh5 27.g4 Qd4 28.
Be4 f5 29.gxh5 fxe4 30.hxg6 Ng3+ 31.Qxg3 Qxd3+ 32.Qxd3 exd3 33.Rxe7 Rf6 
34.g7 c5 35.Ne4 Rc6 36.f3 c4 37.Kf2 Rg6 38.Nf6+ Rxf6 39.Rh1 Rf7 40.Re4 
Rxg7 41.Rxc4 Re8 42.Rxb4 Re2+ 43.Kf1 Rgg2 44.Rb8+ Kg7 45.Rb7+ Kg6 46.Rbh7 
Rgf2+ 47.Kg1 Rxf3 48.R1h6+ Kg5 49.Rh5+ Kf4 50.Rh4+ Ke3 51.Re7+ Kd2 52.Rxa7
Ke1 0-1

[Event "11th EUR-ch"]
[Site "Rijeka CRO"]
[Date "2010.03.06"]
[Round "1"]
[White "Jankovic, Alojzije"]
[Black "Pogosian, Vladimir"]
[Result "1-0"]
[WhiteElo "2569"]
[BlackElo "2204"]
[EventDate "2010.03.06"]
[PlyCount "65"]

1.d4 f5 2.g3 Nf6 3.Bg2 g6 4.c4 Bg7 5.Nc3 O-O 6.Nf3 d6 7.O-O Nc6 8.d5 Ne5 
9.Nxe5 dxe5 10.Qb3 h6 11.c5 Kh8 12.Rd1 a6 13.Bd2 Qe8 14.Rac1 g5 15.Be1 e4 
16.d6 c6 17.Na4 e5 18.Bc3 Be6 19.Qxb7 Nd5 20.Rxd5 Bxd5 21.Nb6 Rb8 22.Qxa6 
Qf7 23.b3 f4 24.Be1 f3 25.Bf1 e3 26.Nxd5 exf2+ 27.Bxf2 Qxd5 28.Qc4 Qd2 29.
Rc2 Qd1 30.e4 Rb4 31.Qd3 Qa1 32.Qd2 Ra8 33.Qxb4 1-0

[Event "11th EUR-ch"]
[Site "Rijeka CRO"]
[Date "2010.03.06"]
[Round "1"]
[White "Jelecevic, Ivo"]
[Black "Iotov, Valentin"]
[Result "0-1"]
[WhiteElo "2203"]
[BlackElo "2568"]
[EventDate "2010.03.06"]
[PlyCount "58"]

1.e4 c5 2.Nf3 e6 3.d4 cxd4 4.Nxd4 Nc6 5.Nc3 Qc7 6.Ndb5 Qb8 7.Be3 a6 8.Bb6 
axb5 9.Nxb5 Bb4+ 10.c3 Ba5 11.Nc7+ Qxc7 12.Bxc7 Bxc7 13.Bc4 Nf6 14.Qe2 b6 
15.h3 Bb7 16.Bb5 g5 17.O-O h5 18.Rfe1 g4 19.h4 Ne5 20.Qc2 Ke7 21.Re3 Rhg8 
22.g3 Nf3+ 23.Kf1 Bxe4 24.Qe2 Bb7 25.a4 d5 26.Rd1 Rgd8 27.b3 Bd6 28.Qb2 
Bc5 29.Red3 Ne4 0-1

[Event "11th EUR-ch"]
[Site "Rijeka CRO"]
[Date "2010.03.06"]
[Round "1"]
[White "Minasian, Artashes"]
[Black "Ofstad, Per"]
[Result "1-0"]
[WhiteElo "2568"]
[BlackElo "2197"]
[EventDate "2010.03.06"]
[PlyCount "59"]

1.e4 e5 2.Bc4 Nc6 3.Nf3 Nf6 4.d3 Be7 5.c3 O-O 6.Bb3 d5 7.Nbd2 Be6 8.Qe2 
dxe4 9.dxe4 Qd7 10.Nc4 Bxc4 11.Bxc4 Rad8 12.O-O h6 13.b4 Bd6 14.h3 Ne7 15.
Nh4 Qc6 16.Re1 b5 17.Bxb5 Qxc3 18.Bd2 Qd4 19.Nf3 Qb6 20.Bc4 Ng6 21.a3 Nh5 
22.Be3 Nhf4 23.Qc2 Qb7 24.Kh2 Kh8 25.g3 f5 26.Nd2 Ng2 27.Kxg2 f4 28.Bc5 
Bxc5 29.bxc5 Qc8 30.Be2 1-0

[Event "11th EUR-ch"]
[Site "Rijeka CRO"]
[Date "2010.03.06"]
[Round "1"]
[White "Hartung, Jerry"]
[Black "Gajewski, Grzegorz"]
[Result "0-1"]
[WhiteElo "2191"]
[BlackElo "2567"]
[EventDate "2010.03.06"]
[PlyCount "84"]

1.e4 c5 2.Nf3 e6 3.Nc3 a6 4.d4 cxd4 5.Nxd4 Qc7 6.Bd3 Nf6 7.O-O Bc5 8.Nb3 
Be7 9.a4 d6 10.a5 O-O 11.Be3 Nbd7 12.f4 b5 13.axb6 Nxb6 14.Qe2 Bb7 15.Na5 
Bc8 16.Nb3 Re8 17.g4 d5 18.e5 Nfd7 19.Bxa6 Bxa6 20.Rxa6 Rxa6 21.Qxa6 Nc4 
22.Nb5 Qd8 23.Bd4 g5 24.f5 Bf8 25.fxe6 Rxe6 26.Qb7 Ndxe5 27.Bxe5 Nxe5 28.
N3d4 Rb6 29.Qc7 Qxc7 30.Nxc7 Bc5 31.c3 Nxg4 32.Rf5 Bxd4+ 33.cxd4 h6 34.
Nxd5 Rb3 35.Ne7+ Kf8 36.Ng6+ Kg7 37.Ne5 Nxe5 38.dxe5 Rxb2 39.h3 Rb6 40.Kg2
Kg6 41.Rf2 Re6 42.Re2 f6 0-1

[Event "11th EUR-ch"]
[Site "Rijeka CRO"]
[Date "2010.03.06"]
[Round "1"]
[White "Sanikidze, Tornike"]
[Black "Elkin, Leonid"]
[Result "1-0"]
[WhiteElo "2566"]
[BlackElo "2189"]
[EventDate "2010.03.06"]
[PlyCount "71"]

1.d4 Nf6 2.g3 g6 3.Bg2 Bg7 4.e4 d6 5.Nc3 O-O 6.Nge2 e5 7.O-O Nc6 8.dxe5 
dxe5 9.Nd5 Nxd5 10.exd5 Nd4 11.c3 Nf5 12.c4 Qe7 13.Bd2 Rd8 14.Re1 c5 15.
Rc1 Bd7 16.Bc3 Rac8 17.b3 Re8 18.Bb2 Bh6 19.Rb1 Nd6 20.Nc3 f5 21.Nb5 Nxb5 
22.Rxe5 Qd6 23.Rxe8+ Rxe8 24.cxb5 Bxb5 25.Qc2 Bg7 26.Bxg7 Kxg7 27.Qc3+ Kf7
28.h4 b6 29.b4 cxb4 30.Rxb4 Bd7 31.Rc4 Re7 32.Qh8 h5 33.Qh7+ Kf6 34.Qh6 
Kf7 35.Bf3 Qe5 36.Kg2 1-0

[Event "11th EUR-ch"]
[Site "Rijeka CRO"]
[Date "2010.03.06"]
[Round "1"]
[White "Malachi, Avraham"]
[Black "Grigorian, Avetik"]
[Result "0-1"]
[WhiteElo "2188"]
[BlackElo "2565"]
[EventDate "2010.03.06"]
[PlyCount "44"]

1.e4 e6 2.d3 d5 3.Nd2 Nf6 4.Ngf3 b6 5.c3 c5 6.e5 Nfd7 7.d4 Be7 8.Bd3 Ba6 
9.Bxa6 Nxa6 10.Qa4 Nc7 11.dxc5 bxc5 12.Qg4 O-O 13.Nf1 f5 14.Qg3 Qb8 15.b3 
Nb5 16.Bd2 f4 17.Bxf4 Nxc3 18.Bd2 Ne4 19.Qg4 Rf5 20.Bh6 Bf8 21.N1d2 Nxe5 
22.Nxe5 Nxf2 0-1

[Event "11th EUR-ch"]
[Site "Rijeka CRO"]
[Date "2010.03.06"]
[Round "1"]
[White "Evdokimov, Alexander"]
[Black "Pantaleoni, Claudio"]
[Result "1-0"]
[WhiteElo "2564"]
[BlackElo "2179"]
[EventDate "2010.03.06"]
[PlyCount "69"]

1.d4 d5 2.c4 e6 3.Nf3 a6 4.Nbd2 c5 5.cxd5 exd5 6.g3 Nc6 7.Bg2 Nf6 8.O-O 
Be7 9.dxc5 Bxc5 10.Nb3 Bb6 11.Nbd4 O-O 12.Be3 Re8 13.Nxc6 bxc6 14.Bxb6 
Qxb6 15.Qc2 Bd7 16.Rac1 Rac8 17.e3 Ne4 18.Rfd1 h6 19.Nd4 c5 20.Ne2 Nf6 21.
Bxd5 Nxd5 22.Rxd5 Be6 23.Re5 Bxa2 24.Rxe8+ Rxe8 25.Qa4 Qb5 26.Qxb5 axb5 
27.Rxc5 Bc4 28.Nd4 Rb8 29.Kg2 g6 30.Kf3 Kg7 31.b3 Bf1 32.Rc1 Bd3 33.Rd1 
Bf5 34.Nxf5+ gxf5 35.Rd5 1-0

[Event "11th EUR-ch"]
[Site "Rijeka CRO"]
[Date "2010.03.06"]
[Round "1"]
[White "Barlocco, Carlo"]
[Black "Grigoriants, Sergey"]
[Result "0-1"]
[WhiteElo "2173"]
[BlackElo "2562"]
[EventDate "2010.03.06"]
[PlyCount "94"]

1.b3 d5 2.Bb2 c5 3.e3 Nc6 4.Nf3 a6 5.d4 cxd4 6.exd4 Bg4 7.h3 Bh5 8.Nbd2 e6
9.Be2 Nf6 10.O-O Rc8 11.Rc1 Nb4 12.a3 Na2 13.Ra1 Nc3 14.Bxc3 Rxc3 15.Nb1 
Rc8 16.Ne5 Bg6 17.Nxg6 hxg6 18.c4 Bd6 19.Nd2 g5 20.Re1 Bb8 21.c5 Qc7 22.
Nf1 Rh4 23.b4 Ke7 24.Bf3 Rch8 25.Ng3 Kd8 26.Re5 Rxd4 27.Qxd4 Qxe5 28.Qd1 
Rh4 29.Rb1 Qd4 30.Qxd4 Rxd4 31.Ne2 Rd3 32.a4 Ra3 33.a5 Be5 34.Kf1 Kc7 35.
Ke1 Ra2 36.Nc1 Bc3+ 37.Kf1 Rb2 38.Rxb2 Bxb2 39.Na2 Ne4 40.Bxe4 dxe4 41.Ke2
Kc6 42.Kd2 Bd4 43.f3 Kd5 44.fxe4+ Kxe4 45.b5 Bxc5 46.bxa6 bxa6 47.Kc3 Kd5 
0-1

[Event "11th EUR-ch"]
[Site "Rijeka CRO"]
[Date "2010.03.06"]
[Round "1"]
[White "Nijboer, Friso"]
[Black "Kadric, Denis"]
[Result "1/2-1/2"]
[WhiteElo "2562"]
[BlackElo "2171"]
[EventDate "2010.03.06"]
[PlyCount "83"]

1.e4 c5 2.Nf3 d6 3.d4 cxd4 4.Nxd4 Nf6 5.Nc3 a6 6.Be3 e5 7.Nb3 Be6 8.f3 Be7
9.Qd2 O-O 10.O-O-O a5 11.a4 Na6 12.g4 Nb4 13.Kb1 Rc8 14.g5 Ne8 15.f4 f6 
16.h4 d5 17.exd5 Bf5 18.Rc1 Nd6 19.fxe5 Ne4 20.Nxe4 Bxe4 21.d6 Rxc2 22.
Rxc2 Bxc2+ 23.Qxc2 Nxc2 24.Bc5 Bxd6 25.Bxd6 Ne3 26.gxf6 Rxf6 27.Bb5 Rh6 
28.Rc1 Rxd6 29.exd6 Qxd6 30.Nxa5 b6 31.Nc4 Nxc4 32.Rxc4 g6 33.Ka2 Kg7 34.
b3 h6 35.Ba6 Kf6 36.Bb7 Kf5 37.Kb2 g5 38.Be4+ Kf4 39.Bb7+ Ke3 40.hxg5 Qe5+
41.Ka2 hxg5 42.Bc8 1/2-1/2

[Event "11th EUR-ch"]
[Site "Rijeka CRO"]
[Date "2010.03.06"]
[Round "1"]
[White "Maslak, Konstantin"]
[Black "Ernst, Michael"]
[Result "1-0"]
[WhiteElo "2560"]
[BlackElo "2166"]
[EventDate "2010.03.06"]
[PlyCount "113"]

1.Nf3 Nf6 2.c4 g6 3.Nc3 d5 4.Qa4+ Bd7 5.Qb3 Bc6 6.cxd5 Bxd5 7.Nxd5 Qxd5 8.
Qc2 Qc6 9.Qb3 Qd5 10.Qc3 Nc6 11.e3 Bg7 12.Bc4 Qd6 13.Bb5 O-O 14.Bxc6 bxc6 
15.O-O Nd5 16.Qc4 c5 17.Rb1 Nb6 18.Qc2 c4 19.b3 cxb3 20.Rxb3 Rfc8 21.Ba3 
Qe6 22.Bc5 Nd7 23.Rc1 Nxc5 24.Qxc5 Qd6 25.Rb7 Rab8 26.Rxb8 Rxb8 27.Qxa7 
Qb6 28.Qxb6 Rxb6 29.Kf1 c6 30.a4 Kf8 31.Rc2 Ke8 32.Ra2 Ra6 33.Ke2 h6 34.
Kd3 Kd7 35.Kc4 e6 36.Ne1 f6 37.d4 Bf8 38.Nd3 g5 39.e4 Bd6 40.e5 fxe5 41.
dxe5 Bf8 42.a5 Be7 43.g4 Ke8 44.Nc5 Bxc5 45.Kxc5 Kd7 46.Kb4 Kc7 47.Ra3 Ra8
48.a6 Kb6 49.a7 c5+ 50.Kc4 Kc6 51.Ra6+ Kb7 52.Rxe6 Kxa7 53.Kxc5 Rf8 54.Rf6
Rc8+ 55.Kd6 Rc2 56.e6 Rd2+ 57.Ke7 1-0

[Event "11th EUR-ch"]
[Site "Rijeka CRO"]
[Date "2010.03.06"]
[Round "1"]
[White "Demel, Paul"]
[Black "Medvegy, Zoltan"]
[Result "0-1"]
[WhiteElo "2155"]
[BlackElo "2556"]
[EventDate "2010.03.06"]
[PlyCount "68"]

1.Nf3 d6 2.d4 Bg4 3.c4 Bxf3 4.exf3 g6 5.Nc3 Bg7 6.Be3 e6 7.Qb3 Qc8 8.d5 
Ne7 9.c5 Nxd5 10.Nxd5 exd5 11.cxd6 c6 12.Bc5 Qe6+ 13.Kd2 Bh6+ 14.Kc2 Nd7 
15.Qc3 O-O 16.Re1 Bg7 17.Rxe6 Bxc3 18.Re7 Nxc5 19.Kxc3 Rfe8 20.Rc7 a5 21.
Bd3 Rad8 22.Re7 Rxe7 23.dxe7 Re8 24.Re1 f6 25.h4 Nxd3 26.Kxd3 Kf7 27.Rc1 
Kxe7 28.Rc5 Ra8 29.Kd4 Kd6 30.Rc3 Re8 31.Re3 c5+ 32.Kd3 Rxe3+ 33.fxe3 b5 
34.g4 a4 0-1

[Event "11th EUR-ch"]
[Site "Rijeka CRO"]
[Date "2010.03.06"]
[Round "1"]
[White "Babula, Vlastimil"]
[Black "Milonakis, Georgios"]
[Result "1-0"]
[WhiteElo "2554"]
[BlackElo "2154"]
[EventDate "2010.03.06"]
[PlyCount "64"]

1.d4 Nf6 2.c4 g6 3.Nc3 Bg7 4.e4 d6 5.Nf3 O-O 6.Be2 e5 7.Be3 Nc6 8.d5 Ne7 
9.Nd2 Ne8 10.c5 f5 11.f3 Kh8 12.O-O f4 13.Bf2 g5 14.a4 h5 15.a5 Rg8 16.Nb5
a6 17.cxd6 cxd6 18.Bb6 Qd7 19.Na7 Rxa7 20.Bxa7 Ng6 21.Nc4 b5 22.axb6 Nh4 
23.b7 Qxb7 24.Bf2 Bf6 25.Nb6 g4 26.Bxa6 Qg7 27.Bxc8 Nxf3+ 28.Kh1 Qg5 29.
Ra3 Nxh2 30.Kxh2 g3+ 31.Kg1 gxf2+ 32.Rxf2 Nc7 1-0

[Event "11th EUR-ch"]
[Site "Rijeka CRO"]
[Date "2010.03.06"]
[Round "1"]
[White "Welz, Peter"]
[Black "Svetuschin, Dumitru"]
[Result "0-1"]
[WhiteElo "2148"]
[BlackElo "2554"]
[EventDate "2010.03.06"]
[PlyCount "70"]

1.e4 c5 2.c3 e6 3.d4 d5 4.e5 Nc6 5.Nf3 Bd7 6.a3 c4 7.b3 cxb3 8.Nbd2 Na5 9.
Nxb3 Ba4 10.Nfd2 Rc8 11.Qc2 Qc7 12.Rb1 a6 13.Be2 Nxb3 14.Nxb3 Qxc3+ 15.
Qxc3 Rxc3 16.Na5 b5 17.O-O Ne7 18.Bb2 Rc8 19.Rbc1 Kd7 20.Rxc8 Nxc8 21.f4 
g6 22.g4 Be7 23.Rf3 Nb6 24.f5 Rc8 25.fxg6 fxg6 26.Bd3 Bd1 27.Rf7 Na4 28.
Rxh7 Nxb2 29.Bxg6 Rg8 30.Bf7 Rxg4+ 31.Kf2 Bc2 32.h3 Nd3+ 33.Ke3 Rg3+ 34.
Kd2 Rg2+ 35.Kc3 b4+ 0-1

[Event "11th EUR-ch"]
[Site "Rijeka CRO"]
[Date "2010.03.06"]
[Round "1"]
[White "Shimanov, Alexander"]
[Black "Kinez, Ivo"]
[Result "1-0"]
[WhiteElo "2553"]
[BlackElo "2138"]
[EventDate "2010.03.06"]
[PlyCount "117"]

1.Nf3 c5 2.c4 Nf6 3.g3 g6 4.Bg2 Bg7 5.O-O O-O 6.d4 cxd4 7.Nxd4 Nc6 8.Nc3 
d6 9.Nxc6 bxc6 10.Bxc6 Rb8 11.Bg2 Be6 12.b3 Qa5 13.Bd2 Qh5 14.e4 Bg4 15.f3
Bh3 16.Rc1 Qc5+ 17.Kh1 Bxg2+ 18.Kxg2 Qa3 19.Be3 a6 20.Qd2 Qb4 21.Nd5 Qb7 
22.Rfd1 Rfc8 23.Bg5 Nxd5 24.Qxd5 Qc7 25.Be3 Rd8 26.Bd2 Qa7 27.Bf4 h6 28.
Qd2 Kh7 29.Be3 Qb7 30.Qd5 Qxd5 31.cxd5 f5 32.Rc6 fxe4 33.Rxa6 exf3+ 34.
Kxf3 Rf8+ 35.Ke2 Rf5 36.Rb6 Rc8 37.Rc6 Rb8 38.Rd3 Rb5 39.a4 Ra5 40.Bb6 
Re5+ 41.Kd2 Ra8 42.a5 Rf5 43.b4 Rf1 44.Kc2 Ra1 45.Kb3 g5 46.h3 Rb8 47.Kc4 
Kg6 48.Kb5 Ra8 49.Rc7 Bf6 50.Kc6 Rb8 51.Kd7 Kf5 52.Rc4 e5 53.dxe6 Re1 54.
g4+ Kg6 55.Rxd6 Kg7 56.a6 Ra1 57.a7 Rg8 58.Rc8 Rxc8 59.Kxc8 1-0

[Event "11th EUR-ch"]
[Site "Rijeka CRO"]
[Date "2010.03.06"]
[Round "1"]
[White "Astengo, Corrado"]
[Black "Solak, Dragan"]
[Result "0-1"]
[WhiteElo "2136"]
[BlackElo "2553"]
[EventDate "2010.03.06"]
[PlyCount "102"]

1.e4 c5 2.Nf3 e6 3.d3 Nc6 4.g3 g6 5.Bg2 Bg7 6.O-O Nge7 7.c3 e5 8.Be3 d6 9.
a3 O-O 10.b4 b6 11.b5 Na5 12.c4 f5 13.Bg5 h6 14.Bxe7 Qxe7 15.Nc3 f4 16.Nd5
Qf7 17.h3 Be6 18.g4 Bf6 19.Ra2 Rab8 20.Nd2 Bh4 21.Bf3 Rb7 22.Qe2 Qd7 23.
Kh2 Qd8 24.Rg1 Rh7 25.Raa1 Kf7 26.Kg2 Qd7 27.Kf1 Kg8 28.Ke1 Kh8 29.Kd1 Ra8
30.Kc2 Qd8 31.Bg2 a6 32.a4 Rha7 33.Rgb1 axb5 34.cxb5 Bf6 35.Bf3 Bg7 36.g5 
hxg5 37.Bg4 Bg8 38.Rh1 Bf6 39.Nf3 Rh7 40.Rag1 Nb7 41.Ra1 Bxd5 42.exd5 e4 
43.Qxe4 Bxa1 44.Rxa1 Qf6 45.Rg1 Nd8 46.h4 gxh4 47.Bh3 Nf7 48.d4 cxd4 49.
Rxg6 d3+ 50.Kxd3 Qb2 51.Be6 Qb1+ 0-1

[Event "11th EUR-ch"]
[Site "Rijeka CRO"]
[Date "2010.03.06"]
[Round "1"]
[White "Parligras, Mircea-Emilian"]
[Black "Valenti, Giuseppe"]
[Result "1-0"]
[WhiteElo "2551"]
[BlackElo "2124"]
[EventDate "2010.03.06"]
[PlyCount "59"]

1.e4 e6 2.d4 d5 3.Nd2 dxe4 4.Nxe4 Nd7 5.Nf3 Ngf6 6.Bg5 Be7 7.Nxf6+ Nxf6 8.
Bd3 c5 9.dxc5 Qa5+ 10.c3 Qxc5 11.O-O h6 12.Bh4 O-O 13.Qe2 Qh5 14.Rad1 Rd8 
15.Bg3 Bd7 16.Ne5 Qxe2 17.Bxe2 Be8 18.Bf3 Rxd1 19.Rxd1 Rc8 20.c4 b6 21.b3 
Kf8 22.Kf1 b5 23.Bb7 Rd8 24.Rxd8 Bxd8 25.Nc6 Bxc6 26.Bxc6 bxc4 27.bxc4 Ke7
28.c5 Nd5 29.Bd6+ Kf6 30.Bxd5 1-0

[Event "11th EUR-ch"]
[Site "Rijeka CRO"]
[Date "2010.03.06"]
[Round "1"]
[White "Chubar, Vladimir"]
[Black "Cvitan, Ognjen"]
[Result "0-1"]
[WhiteElo "2114"]
[BlackElo "2550"]
[EventDate "2010.03.06"]
[PlyCount "50"]

1.d4 Nf6 2.Nf3 g6 3.Bg5 Bg7 4.Nbd2 O-O 5.e4 d6 6.Bc4 Nxe4 7.Nxe4 d5 8.Bd3 
dxe4 9.Bxe4 c5 10.c3 cxd4 11.Nxd4 Qa5 12.Be3 Nd7 13.O-O Nf6 14.Bf3 a6 15.
Qe2 Qc7 16.Nb3 Bd7 17.Rfd1 Bb5 18.Qe1 Bc6 19.Bxc6 Qxc6 20.Bd4 Rfe8 21.Qe5 
b6 22.Re1 Rad8 23.h3 Rd5 24.Qe3 b5 25.Qf3 Qd6 0-1

[Event "11th EUR-ch"]
[Site "Rijeka CRO"]
[Date "2010.03.06"]
[Round "1"]
[White "Damljanovic, Branko"]
[Black "Dinter, Brian"]
[Result "1-0"]
[WhiteElo "2550"]
[BlackElo "2110"]
[EventDate "2010.03.06"]
[PlyCount "101"]

1.c4 c6 2.d4 d5 3.Nf3 Nf6 4.Nc3 dxc4 5.a4 Bf5 6.Ne5 Nbd7 7.Nxc4 Qc7 8.g3 
e5 9.Bg2 Rd8 10.e3 Be6 11.Qe2 Bb4 12.O-O O-O 13.Rd1 Rfe8 14.Qf1 Nd5 15.Bd2
a5 16.Nxd5 cxd5 17.Nxe5 Nxe5 18.Bxb4 axb4 19.dxe5 Qxe5 20.Rd4 b3 21.Qb5 
Re7 22.Rad1 Qc7 23.Qxb3 Red7 24.h3 Qc6 25.g4 g6 26.Qd3 Ra8 27.b3 Ra5 28.
Qd2 Rc5 29.e4 Rc2 30.Qf4 dxe4 31.Rxd7 Bxd7 32.Bxe4 Qc7 33.Qxc7 Rxc7 34.Rd4
Kg7 35.Rb4 Bc8 36.Rb6 Re7 37.f3 Kf8 38.g5 Ke8 39.h4 Kd8 40.Kf2 Kc7 41.a5 
Rd7 42.Rf6 Kd8 43.b4 Ke7 44.Rb6 Rc7 45.Kg3 Ke8 46.Kf4 Re7 47.Bd5 Kd8 48.b5
Ke8 49.a6 bxa6 50.bxa6 Ra7 51.Rb8 1-0

[Event "11th EUR-ch"]
[Site "Rijeka CRO"]
[Date "2010.03.06"]
[Round "1"]
[White "Faika, Michael"]
[Black "Nikolov, Momchil"]
[Result "0-1"]
[WhiteElo "2102"]
[BlackElo "2550"]
[EventDate "2010.03.06"]
[PlyCount "57"]

1.e4 c5 2.Nf3 e6 3.c3 Nf6 4.e5 Nd5 5.d4 cxd4 6.cxd4 d6 7.a3 Bd7 8.Bd3 Bc6 
9.O-O Nd7 10.Re1 Rc8 11.b4 a6 12.Ng5 dxe5 13.Nxe6 fxe6 14.Qh5+ g6 15.Bxg6+
hxg6 16.Qxg6+ Ke7 17.Bg5+ N7f6 18.dxe5 Kd7 19.exf6 Kc7 20.Rxe6 Bd6 21.h4 
Nf4 22.Qg7+ Kb8 23.Qxh8 Qxh8 24.Rxd6 Ng6 25.Rd4 Qg8 26.Rg4 Qe6 27.Rg3 Qe1+
28.Kh2 Rh8 29.Rg4 0-1

[Event "11th EUR-ch"]
[Site "Rijeka CRO"]
[Date "2010.03.06"]
[Round "1"]
[White "Lopez Martinez, Josep Manuel"]
[Black "Neagos, Raul-Alexandru"]
[Result "1-0"]
[WhiteElo "2548"]
[BlackElo "2100"]
[EventDate "2010.03.06"]
[PlyCount "67"]

1.e4 c5 2.Nf3 d6 3.d4 cxd4 4.Nxd4 Nf6 5.Nc3 a6 6.Be3 e5 7.Nb3 Be6 8.f3 h5 
9.Qd2 Nbd7 10.Nd5 Bxd5 11.exd5 Rc8 12.c4 Be7 13.Na5 Qc7 14.b4 e4 15.Be2 
exf3 16.gxf3 Ne5 17.O-O Qd7 18.Rac1 h4 19.Rf2 h3 20.Kh1 Rh4 21.Bg5 Rh8 22.
Bf4 Rh5 23.Rff1 Rc7 24.Nb3 Kf8 25.Bg3 Kg8 26.Rfd1 Qf5 27.Qe3 Nfd7 28.Nd4 
Qg6 29.f4 Ng4 30.Qxe7 Nde5 31.Qd8+ Kh7 32.fxe5 dxe5 33.Qxc7 exd4 34.Qf4 
1-0

[Event "11th EUR-ch"]
[Site "Rijeka CRO"]
[Date "2010.03.06"]
[Round "1"]
[White "Krauss, Josef"]
[Black "Zelcic, Robert"]
[Result "0-1"]
[WhiteElo "2100"]
[BlackElo "2547"]
[EventDate "2010.03.06"]
[PlyCount "86"]

1.e4 c5 2.c3 g6 3.d4 cxd4 4.cxd4 d5 5.e5 Nc6 6.Nc3 h5 7.Be3 Nh6 8.Qb3 e6 
9.Nf3 Nf5 10.Bd3 Nxe3 11.fxe3 Bh6 12.Kf2 Bd7 13.Rae1 a6 14.Rhf1 b5 15.Ne2 
O-O 16.Bb1 Na5 17.Qb4 Nc4 18.Nf4 Rc8 19.Re2 a5 20.Qe1 b4 21.g3 Bb5 22.Qd1 
Nb6 23.Bd3 Qd7 24.h4 Bxf4 25.gxf4 Rc7 26.Ng5 Nc8 27.Rg1 Ne7 28.Kg2 Rfc8 
29.Qb1 Bxd3 30.Qxd3 Qc6 31.Kh3 Qc4 32.Qxc4 Rxc4 33.Rgg2 Nf5 34.Nf3 a4 35.
Ne1 Rb8 36.Nd3 a3 37.Rgf2 axb2 38.Nxb2 Rc3 39.Nd1 Ra3 40.Rh2 Nxd4 41.Rb2 
Nf5 42.Kg2 Rd3 43.Rh1 Rxd1 0-1

[Event "11th EUR-ch"]
[Site "Rijeka CRO"]
[Date "2010.03.06"]
[Round "1"]
[White "Drazic, Sinisa"]
[Black "Burstein, Almog"]
[Result "1-0"]
[WhiteElo "2545"]
[BlackElo "2100"]
[EventDate "2010.03.06"]
[PlyCount "61"]

1.d4 Nf6 2.Bg5 d5 3.Bxf6 exf6 4.e3 Bd6 5.Nd2 O-O 6.Bd3 c6 7.Qf3 Be6 8.h3 
Nd7 9.Ne2 Re8 10.g4 Nf8 11.O-O-O b5 12.h4 Qd7 13.Rdg1 a5 14.Qg2 g6 15.f4 
f5 16.gxf5 Bxf5 17.Bxf5 Qxf5 18.Rh3 Re7 19.e4 dxe4 20.Ng3 Qd5 21.Ngxe4 Kg7
22.f5 Ree8 23.Rf1 Bb8 24.h5 Qxd4 25.hxg6 fxg6 26.c3 Qd5 27.Rxh7+ Nxh7 28.
Qxg6+ Kf8 29.Qh6+ Ke7 30.Qxh7+ Qf7 31.f6+ 1-0

[Event "11th EUR-ch"]
[Site "Rijeka CRO"]
[Date "2010.03.06"]
[Round "1"]
[White "Levine, Yonatan"]
[Black "Brkic, Ante"]
[Result "0-1"]
[WhiteElo "2096"]
[BlackElo "2543"]
[EventDate "2010.03.06"]
[PlyCount "104"]

1.e4 c5 2.Nf3 e6 3.d3 Nc6 4.g3 g6 5.Bg2 Bg7 6.Nbd2 Nge7 7.O-O d5 8.Re1 b6 
9.e5 Qc7 10.Qe2 Bb7 11.c3 h6 12.Nf1 g5 13.h3 Ba6 14.Qc2 O-O-O 15.d4 cxd4 
16.cxd4 Kb8 17.Bd2 Rc8 18.Qa4 Bd3 19.Rec1 Qd7 20.Qd1 Nf5 21.Bc3 Ba6 22.a4 
Bf8 23.Qd2 Qe7 24.Rcb1 Qc7 25.Rc1 Qe7 26.Rcb1 h5 27.b4 g4 28.hxg4 hxg4 29.
N3h2 Bh6 30.Qb2 Bd3 31.Rd1 Be4 32.b5 Bxg2 33.Kxg2 Na5 34.Bxa5 bxa5 35.b6 
a6 36.Qe2 Rc4 37.Nxg4 Bg5 38.Nfe3 Nxd4 39.Qd3 Bxe3 40.Nxe3 Qb7 41.Rh1 Rhc8
42.Rh4 Nb3 43.Qxb3 d4+ 44.Nd5 Qxd5+ 45.Qf3 Rd8 46.Rf4 Qxf3+ 47.Rxf3 Rd7 
48.Rd3 Kb7 49.Raa3 Kxb6 50.Kf3 Rc2 51.g4 Kc5 52.g5 Rd5 0-1

[Event "11th EUR-ch"]
[Site "Rijeka CRO"]
[Date "2010.03.06"]
[Round "1"]
[White "Neverov, Valeriy"]
[Black "Reinwald, Patrick"]
[Result "1-0"]
[WhiteElo "2542"]
[BlackElo "2091"]
[EventDate "2010.03.06"]
[PlyCount "47"]

1.d4 Nf6 2.c4 e6 3.Nc3 Bb4 4.Bg5 h6 5.Bh4 c5 6.d5 d6 7.e3 Bxc3+ 8.bxc3 e5 
9.Bd3 Qe7 10.Ne2 Nbd7 11.Ng3 Nb6 12.Bxf6 Qxf6 13.O-O h5 14.f4 Bg4 15.Qb3 
Qe7 16.f5 h4 17.Ne4 f6 18.h3 Bh5 19.a4 Kd8 20.Rfb1 Rb8 21.Rb2 Kc8 22.Qb5 
Na8 23.Rab1 Be8 24.Qa6 1-0

[Event "11th EUR-ch"]
[Site "Rijeka CRO"]
[Date "2010.03.06"]
[Round "1"]
[White "Hetzer, Volkhard"]
[Black "Jovanic, Ognjen"]
[Result "0-1"]
[WhiteElo "2086"]
[BlackElo "2538"]
[EventDate "2010.03.06"]
[PlyCount "84"]

1.e4 c5 2.Nf3 e6 3.d3 Nc6 4.g3 g6 5.Bg2 Bg7 6.O-O Nge7 7.c3 O-O 8.Re1 e5 
9.Nbd2 d6 10.a3 h6 11.b4 a6 12.Nb3 b6 13.Bb2 Be6 14.Rc1 Qd7 15.d4 exd4 16.
cxd4 cxb4 17.Re2 d5 18.axb4 dxe4 19.Rxe4 Rad8 20.Nbd2 Bd5 21.Re3 Nxb4 22.
Nc4 Nf5 23.Ra3 Qb7 24.Ne3 Nxe3 25.fxe3 a5 26.Nh4 Rc8 27.Rac3 Rxc3 28.Rxc3 
Re8 29.Qg4 Kh7 30.Bf1 Re4 31.Qd1 Qe7 32.Ng2 Re6 33.Qd2 g5 34.Ba3 Qb7 35.
Qc1 Na6 36.Bd3+ Be4 37.Bxe4+ Qxe4 38.Qf1 Nb4 39.Qxf7 Nd5 40.Rc8 Nxe3 41.
Ne1 Rf6 42.Qg8+ Kg6 0-1

[Event "11th EUR-ch"]
[Site "Rijeka CRO"]
[Date "2010.03.06"]
[Round "1"]
[White "San Segundo Carrillo, Pablo"]
[Black "Bozinovic, Boban"]
[Result "1-0"]
[WhiteElo "2534"]
[BlackElo "2086"]
[EventDate "2010.03.06"]
[PlyCount "83"]

1.Nf3 Nf6 2.c4 e6 3.d4 Bb4+ 4.Nc3 Ne4 5.Qd3 f5 6.g3 b6 7.Bg2 Bb7 8.O-O 
Nxc3 9.bxc3 Be4 10.Qe3 Be7 11.Ne5 Bxg2 12.Kxg2 O-O 13.Qf3 c6 14.a4 Qc7 15.
a5 bxa5 16.c5 Bxc5 17.Nc4 Be7 18.Bf4 Qd8 19.Nxa5 g5 20.Nb7 Qe8 21.Bd6 Bxd6
22.Nxd6 Qe7 23.Nc4 a6 24.Rfb1 d5 25.Na5 Ra7 26.Rxb8 Rxb8 27.Nxc6 Qc7 28.
Nxa7 Qxa7 29.Qe3 Qb6 30.Qxg5+ Kf7 31.Qh6 Kg8 32.h4 Ra8 33.h5 a5 34.Qf6 Ra7
35.h6 Rf7 36.Qe5 Ra7 37.Rh1 Rc7 38.Rh5 Qb1 39.Rg5+ Kf8 40.Qh8+ Kf7 41.Rg7+
Kf6 42.Qf8+ 1-0

[Event "11th EUR-ch"]
[Site "Rijeka CRO"]
[Date "2010.03.06"]
[Round "1"]
[White "Spika, Ivica"]
[Black "Papin, Vasily"]
[Result "0-1"]
[WhiteElo "2085"]
[BlackElo "2532"]
[EventDate "2010.03.06"]
[PlyCount "48"]

1.d4 Nf6 2.c4 e6 3.Nf3 d5 4.e3 a6 5.Qc2 Nbd7 6.Nbd2 c5 7.dxc5 Bxc5 8.Bd3 
dxc4 9.Nxc4 b5 10.Nce5 Bb7 11.Nxd7 Qxd7 12.Ke2 Rc8 13.Qb1 Qd5 14.b4 Be7 
15.Bb2 Qh5 16.h3 Bxf3+ 17.gxf3 Nd5 18.a3 Bf6 19.Bxf6 gxf6 20.Qe1 Nc3+ 21.
Kf1 Qxf3 22.Rh2 Ke7 23.Rc1 Nd5 24.Qd2 Nxe3+ 0-1